000 00226nam a2200109 4500
082 _a671.2GUP
100 _aGupta
245 _aFoundary Engineering
260 _aIndia:
_bSatya Prakash,
_c1999.
300 _a562p. ;
942 _cBK
999 _c7294
_d7294